Science, technology and creativity : Selected speeches by Dr Mahathir Mohamad, Prime Minister of Malaysia

Bibliographic Details
Main Author: MAHATHIR bin Mohamad 1925-
Corporate Author: MALAYSIA
Other Authors: Hashim Makaruddin
Format: Book
Published: Subang Jaya, Selangor : Pelanduk Pub. , 1995, 2000
Subjects:

MARC

LEADER 00000cam a2200000 7i4500
001 0000001060
005 20131215.0
020 0 0 |a 9679787435 
090 0 0 |a 607   |b MAH 2000 
100 0 0 |a MAHATHIR bin Mohamad   |f Dato' Seri   |c 1925- 
245 1 0 |a Science, technology and creativity :   |b Selected speeches by Dr Mahathir Mohamad, Prime Minister of Malaysia   |c edited by Hashim Makaruddin 
260 0 0 |a Subang Jaya, Selangor :   |b Pelanduk Pub. ,   |c 1995, 2000 
300 |a 74 p. ;   |c 22 cm. 
500 0 0 |a Below cover page: Volume 1 
650 0 0 |a Science   |x Addresses, essays, lectures 
650 0 0 |a Speeches, addresses, etc. 
650 0 0 |a Technological innovations   |x Addresses, essays, lectures 
650 0 0 |a Technology transfer   |x Addresses, essays, lectures 
650 0 0 |a Technology   |x Addresses, essays, lectures 
700 0 1 |a Hashim Makaruddin 
710 1 1 |a MALAYSIA ,   |c Jabatan Perdana Menteri 
998 |a JPSM 
999 |a 0000002091   |b Monograph   |c Open Shelf   |e Default branch